00930 2200301 4500001002100000005001500021035002000036007000300056008004100059020002200100082001500122084001700137100003600154245009300190250003500283300004300318650003000361264003200391336002100423337003000444338002300474040002200497090002200519850001200541999002200553504003100575990002200606INLIS00000000088142920230901103041 a0010-0923000021ta230803s2022 yoia g 0 ind d a978-623-02-5780-304223a658.72 a658.72 SYI m0 aSyifa Nurgaida YutiaePengarang10aMonograf pengadaan barang dan jasa berbasis teknologi blockchain /cSyifa Nurgaida Yutia aCetakan Pertama: Desember 2022 ax, 67 halaman :bbagan, tabel ;c23 cm 4aPengadaan barang dan jasa31aSleman :bDeepublish,c2022 2rdacontentateks 2rdamediaatanpa perantara 2rdacarrieravolume aYOPDYOGbinderda aCB-D.11 2022-4214 aYOPDYOG aCB-D.11/2022-4214 aBibliografi: halaman 61-66 aCB-D.11/2022-4214